Directors with the Most Oscar Nominations for Best Director - Statistics

General Stats
  • This quiz has been taken 53 times
  • The average score is 10 of 26
Answer Stats
Number of Nominations (Wins) Director % Correct
9 (2) Steven Spielberg
93%
10 (1) Martin Scorsese
85%
5 (0) Alfred Hitchcock
74%
4 (1) Francis Ford Coppola
65%
5 (4) John Ford
61%
4 (0) Stanley Kubrick
50%
12 (3) William Wyler
48%
8 (2) Billy Wilder
46%
6 (3) Frank Capra
43%
4 (2) Clint Eastwood
41%
7 (1) Woody Allen
37%
5 (2) Elia Kazan
35%
5 (1) John Huston
35%
7 (2) David Lean
33%
5 (1) George Cukor
33%
5 (2) George Stevens
30%
4 (0) Federico Fellini
22%
7 (2) Fred Zinnemann
22%
4 (0) Sidney Lumet
22%
4 (2) Joseph L. Mankiewicz
20%
4 (1) Michael Curtiz
20%
5 (0) King Vidor
15%
4 (0) Peter Weir
15%
4 (1) Mike Nichols
13%
5 (0) Robert Altman
13%
5 (0) Clarence Brown
7%
No matching quizzes found
Score Distribution
Percent of People with Each Score
Percentile by Number Answered
Your Score History
You have not taken this quiz